Central Library OPAC University of Rajshahi

Introductory rural sociology : (Record no. 19886)

MARC details
000 -LEADER
fixed length control field 00762nam a2200241 a 4500
001 - CONTROL NUMBER
control field 19886
003 - CONTROL NUMBER IDENTIFIER
rucl marc code UkOxU
005 - DATE AND TIME OF LATEST TRANSACTION
control field 20211209000506.0
008 - FIXED-LENGTH DATA ELEMENTS--GENERAL INFORMATION
fixed length control field 140226s1973 ii 001 0 eng d
020 ## - INTERNATIONAL STANDARD BOOK NUMBER
International Standard Book Number 0852261179
035 ## - SYSTEM CONTROL NUMBER
System control number CURL 050852261179(Lon) from atc194
-- (BD-RjUL)19947
040 ## - CATALOGING SOURCE
Original cataloging agency BD-RjUL
Language of cataloging eng
Transcribing agency BD-RjUL
041 ## - LANGUAGE CODE
Language code of text/sound track or separate title eng
082 ## - DEWEY DECIMAL CLASSIFICATION NUMBER
Classification number 301.35
Author mark and year CHI 1973
100 1# - MAIN ENTRY--PERSONAL NAME
Personal name Chitambar, J. B.
9 (RLIN) 5115
245 10 - TITLE STATEMENT
Title Introductory rural sociology :
Remainder of title a synopsis of concepts and principles /
Statement of responsibility, etc. J. B. Chitambar.
260 ## - PUBLICATION, DISTRIBUTION, ETC. (IMPRINT)
Place of publication, distribution, etc. New Delhi :
Name of publisher, distributor, etc. Wiley Eastern,
Date of publication, distribution, etc. 1973
300 ## - PHYSICAL DESCRIPTION
Pagination xii, 369 p. :
Illustrations ill., tables, diags. ;
Size 22 cm
504 ## - BIBLIOGRAPHY, ETC. NOTE
Bibliography, etc Includes bibliographical references
Bibliography, etc Includes index
650 #0 - SUBJECT ADDED ENTRY--TOPICAL TERM
Topical term or geographic name as entry element Sociology, Rural
9 (RLIN) 61078
942 ## - ADDED ENTRY ELEMENTS (KOHA)
Source of classification or shelving scheme Dewey Decimal Classification
Koha item type Books
Holdings
Lost status Source of classification or shelving scheme Damaged status Not for loan Collection code Permanent Location Current Location Shelving location Date acquired Source of acquisition Cost, normal purchase price Total Checkouts Full call number Date last seen Copy number Koha item type
  Dewey Decimal Classification     Non-fiction Central Library, University of Rajshahi Central Library, University of Rajshahi   28/11/1983 Tulip Enterprise, Dhaka 2800.00   301.35 CHI 1973 26/02/2014 C-5 Books
  Dewey Decimal Classification     Non-fiction Central Library, University of Rajshahi Central Library, University of Rajshahi   28/11/1983 Tulip ent. 28.00   301.35 CHI 1973 04/08/2016 C-3 Books
  Dewey Decimal Classification   Not For Loan Non-fiction Central Library, University of Rajshahi Central Library, University of Rajshahi Reading Room 28/11/1983 Tulip Enterprise, Dhaka 28.00   301.35 CHI 1973 28/12/2016 C-1 Books